Sídelná štruktúra a efektívnosť územnej samosprávy bakalárska práca

Gespeichert in:
Bibliographische Detailangaben
1. Verfasser: Jakubová, Margita
Körperschaft: Národohospodárska fakulta EU. Katedra verejnej správy a regionálneho rozvoja
Weitere Verfasser: Černěnko, Tomáš, 1981-
Format: Buch
Sprache:Slowakisch
Veröffentlicht: Bratislava 2010
Tags: Tag hinzufügen
Keine Tags, Fügen Sie das erste Tag hinzu!

MARC

LEADER 00000nam$a2200000$$$4500
001 0129178
005 20240320074507.9
041 0 |a slo 
044 |a SK 
245 1 0 |a Sídelná štruktúra a efektívnosť územnej samosprávy  |b bakalárska práca  |c Margita Jakubová ; škol. Tomáš Černěnko 
264 1 |a Bratislava  |c 2010 
300 |a 47 s. 
100 1 |a Jakubová, Margita 
700 1 |a Černěnko, Tomáš, 1981- 
710 2 |a Národohospodárska fakulta EU. Katedra verejnej správy a regionálneho rozvoja